| 000 | 00808nam a22002417a 4500 | ||
|---|---|---|---|
| 001 | 5255 | ||
| 003 | FISKH | ||
| 005 | 20250730142027.0 | ||
| 008 | 241121b cb ||||| |||| 00| 0 eng d | ||
| 020 | _a9780439796002 | ||
| 040 |
_aFISKH _beng _cFISKH _dFISKH |
||
| 050 | _aQL100.S59 | ||
| 082 | _a591.6 | ||
| 100 |
_aSimon, Seymour _d(1931-) |
||
| 245 |
_aPoisonous animals / _cSeymour Simon |
||
| 250 | _aFirst printing in 2007 | ||
| 260 |
_aNew York : _bScholastic, _c2007. |
||
| 300 |
_a31 pages : _bColor illustrations ; _c23 cm |
||
| 520 | _aDescribes the behavior and characteristics of different kinds of poisonous animals, including snakes, spiders and scorpions, insects, reptiles and amphibians and sea dwellers. | ||
| 650 |
_2Poisonous animals _aAnimals |
||
| 942 |
_2ddc _cBK _n0 |
||
| 999 |
_c5255 _d5255 |
||